Tratado sinóptico de medicina / (Record no. 134805)

MARC details
000 -LEADER
campo de control de longitud fija 00605nam a2200181 i 4500
001 - NÚMERO DE CONTROL
campo de control 134805
003 - IDENTIFICADOR DE NÚMERO DE CONTROL
campo de control ES-MaACL
007 - CAMPO FIJO DE DESCRIPCIÓN FÍSICA--INFORMACIÓN GENERAL
campo de control de longitud fija t|
008 - DATOS DE LONGITUD FIJA--INFORMACIÓN GENERAL
campo de control de longitud fija 070628s1949 sp ||||1| spa d
080 ## - NÚMERO DE LA CLASIFICACIÓN DECIMAL UNIVERSAL
Número de la Clasificación Decimal Universal 616(021)
100 1# - ENTRADA PRINCIPAL--NOMBRE DE PERSONA
Nombre de persona Tidy, Henry Letheby.
9 (RLIN) 110221
245 10 - MENCIÓN DEL TÍTULO
Título Tratado sinóptico de medicina /
Mención de responsabilidad, etc. por Sir Henry Letheby Tidy.
250 ## - MENCION DE EDICION
Mención de edición 1ª ed. española
Resto de la mención de edición traducida (de la octava británica rev., y aum. por Narciso Perales y Herrero).
260 ## - PUBLICACIÓN, DISTRIBUCIÓN, ETC.
Lugar de publicación, distribución, etc. Madrid :
Nombre del editor, distribuidor, etc. Verdad,
Fecha de publicación, distribución, etc. 1949.
300 ## - DESCRIPCIÓN FÍSICA
Extensión XX, 1459 p. ;
Dimensiones 19 cm.
700 1# - ENTRADA AGREGADA--NOMBRE PERSONAL
Nombre de persona Perales y Herrero, Narciso.
9 (RLIN) 90367
852 ## - LOCALIZACIÓN
Ubicación ES-MaACL
Número de control de estantería E-700
Sublocalización o colección R.28842
Holdings
Estatus retirado Estado de pérdida Estado de daño No para préstamo Biblioteca de origen Biblioteca actual Ubicación en estantería Fecha de adquisición Fuente de adquisición Total de préstamos Signatura topográfica completa Código de barras Visto por última vez Precio de reemplazo Tipo de ítem Koha
        Biblioteca del Ateneo de Madrid Biblioteca del Ateneo de Madrid Depósito 2 17/01/2008     E-700 1140314 23/02/2023 23/02/2023 Libro impreso